00870nam a2200205 a 450000100100000000500170001000800410002702000150006804000250008324501260010826001120023430000280034650000250037450000420039950400170044170000350045871000480049395201060054199900170064700003750420200930080411.0120420s1985 dr 000 0 spa d a8400059905 aDO-SdBNPbspacBNPHU00aGeología y paleontología del terciario continental de la provincia de Madrid /ccoordinadora María Teresa Alberdi,. aMadrid :bConsejo Superior de Investigaciones Científicas :bMuseo Nacional de Ciencias Naturales,c1985. a105 p. :bil. ;c28 cm. aTexto a dos columnas aIncluye notas al pie de las páginas aBibliografia1 aAlberdi, María Teresa9639592 aMuseo Nacional de Ciencias Naturales963960 00107-18PDaGRbGRcOId2012-04-20iLF1l0o p37504-10r2020-06-25w2020-06-25yLFPDZNo se presta c36994d36994